000 00848nam a2200217 4500
001 117246
003 ES-MaACL
005 20250630032906.0
007 t|
008 071121s1983 sp r ||||1| spa d
100 1 _aPeña Sánchez de Rivera, Daniel.
_990279
245 1 0 _aDependencia dinámica entre precios agrícolas
_b: el trigo de España , 1857-1890 : un estudio empírico /
_cDaniel Peña Sánchez de Rivera ; Nicolás Sánchez-Albornoz.
260 _aMadrid :
_bBanco de España. Servicio de Estudios,
_c1983.
300 _a123 p. ;
_c24 cm.
490 1 _aEstudios de historia económica ;
_v8
700 1 _aSánchez-Albornoz, Nicolás,
_d1926-
_9102442
710 2 0 _aBanco de España
_92104
830 0 _aEstudios de historia económica ;
_v8
_9179607
852 _aES-MaACL
_jL-4618
_bR.105474
999 _c117246
_d117246